000 01384cab a2200229 4500
001 ABS39392
008 090401t1988 xxu||||| |||| 00| 0 eng d
035 _a(Sirsi) u16336
041 _aeng
110 _aRoyal Institution of Chartered Surveyors
_bInsurance Services
_9643
245 _aSurveyors beware
260 _c1988
350 _a0
490 _aChartered Quantity Surveyor
_v10(10) June 1988, 23(1)
520 _aDue to demand, a sequel to "Caveat Surveyor" will be published later this year. The 1986 booklet, which featured a selection of claims handled under the RICS professional indemnity insurance scheme, contained only one illustration of a claim against a quantity surveyor . Preliminary work for the sequel however, has produced evidence that a danger area for quantity surveyors is the situation where a builder goes into liquidation , either in the middle of a contract in which the quantity surveyor forms part of the professional team, or where the quantity surveyor is called in by the liquidator to advise on outstanding contracts. Demonstrates how the quantity surveyor can guard against the chances of being faced with a negligence claim in these circumstances.
650 _aInsurance
_96249
650 _aLIABILITY
650 _aSURVEYORS
690 _aMANAGEMENT-BUSINESS MANAGEMENT-PROFESSIONAL PRACTICE
942 _n0
948 _c04/03/1997
999 _c10742
_d10742